000 02500cam a22002054a 4500
005 20250605163955.0
008 250528s ||||||||||||||||||||||||d
035 _a15454
020 _a29330203
040 _aGR-AtMCL
_bgre
_dGR-AtMCL
_eAACR2
245 1 _aA Manager's Complete Guide to Effective Information Systems / Α Questionnaire Approach
260 _bThe Free Press,
_c1983
300 _a296
505 0 _aPreface, Introduction to the Complete Information Systems Questionnaire, The Relationship of the Information Systems Manager to the Complete Information Systems Questionnaire, General and Application Controls: Questionnaires 1 and 2, General Controls of Information Systems Questionnaire, Research on General and Application Controls: Questionnaires 1 and 2, Research on General Controls of Information Systems Questionnaire, Guidelines for Effective Management of the Complete Information Systems Organization, A Manager's Guidelines for Effective Information Systems Planning, A Manager's Guidelines for Effective Information System Organization, A Manager's Guidelines for Effective Direction of Information Systems Personnel, A Manager's Guidelines for Effective Control Over Information Systems Personnel and Operations, A Managerial Look at Effective Auditing Practices, A Manager's Approach to Effective Information Systems Auditing Practices, Appendixes, Bibliography, Index.
520 _aPreface, Introduction to the Complete Information Systems Questionnaire, The Relationship of the Information Systems Manager to the Complete Information Systems Questionnaire, General and Application Controls: Questionnaires 1 and 2, General Controls of Information Systems Questionnaire, Research on General and Application Controls: Questionnaires 1 and 2, Research on General Controls of Information Systems Questionnaire, Guidelines for Effective Management of the Complete Information Systems Organization, A Manager's Guidelines for Effective Information Systems Planning, A Manager's Guidelines for Effective Information System Organization, A Manager's Guidelines for Effective Direction of Information Systems Personnel, A Manager's Guidelines for Effective Control Over Information Systems Personnel and Operations, A Managerial Look at Effective Auditing Practices, A Manager's Approach to Effective Information Systems Auditing Practices, Appendixes, Bibliography, Index.
700 1 _aThierauf J. Robert
_91378
942 _cBK
999 _c1034
_d1034